000
00340nam a2200145Ia 4500
008
191201s2009 xx 000 0 und d
082
_a
005.133
_b
POC
100
_a
Powell, thomas
245
0
_a
Complete reference HTML & XHTML
250
_a
4th
260
_a
N.Delhi
_b
TMH
_c
2009
300
_a
932
650
_a
B.Tech(IT)
942
_2
ddc
_c
BK
999
_c
3129
_d
3129